Читать, писать, говорить по-французски: самоучитель

Detalles Bibliográficos
Autor principal: Дугин С. П. Станислав Петрович
Sumario:На обл. авт. не указан
Предлагаемая методика обучения французскому языку основана на двух ключевых принципах: 1) понятное объяснение основополагающих явлений французской грамматики при постоянном их сравнении с подобными явлениями грамматики русского языка; 2) преемственность и взаимодополняемость тем, рассматриваемых на уроках.
Lenguaje:ruso
francés
Publicado: Ростов-на-Дону, Феникс, 2010
Edición:3-е изд.
Colección:Без репетитора
Materias:
Formato: MixedMaterials Libro
KOHA link:https://koha.lib.tpu.ru/cgi-bin/koha/opac-detail.pl?biblionumber=186492

MARC

LEADER 00000nam0a2200000 4500
001 186492
005 20231101224001.0
010 |a 9785222175736 
010 |a 978-966-680-316-3 
035 |a (RuTPU)RU\TPU\book\202341 
090 |a 186492 
100 |a 20101028d2010 m y0rusy50 ca 
101 0 |a rus  |a fre 
102 |a RU 
105 |a y j 000zy 
200 1 |a Читать, писать, говорить по-французски  |e самоучитель  |f С. П. Дугин 
205 |a 3-е изд. 
210 |a Ростов-на-Дону  |c Феникс  |d 2010  |a Сумы  |c Университетская книга  |d 2009 
215 |a 139 с. 
225 1 |a Без репетитора 
300 |a На обл. авт. не указан 
330 |a Предлагаемая методика обучения французскому языку основана на двух ключевых принципах: 1) понятное объяснение основополагающих явлений французской грамматики при постоянном их сравнении с подобными явлениями грамматики русского языка; 2) преемственность и взаимодополняемость тем, рассматриваемых на уроках. 
606 1 |a Французский язык  |x Учебные руководства и пособия для средней школы.Самообразования  |2 stltpush  |3 (RuTPU)RU\TPU\subj\16835  |9 42735 
610 1 |a лексика 
610 1 |a грамматика 
610 1 |a чтение 
610 1 |a произношение 
610 1 |a упражнения 
610 1 |a самоучители 
686 |a Ш147.11-922  |v LBC/SL-A  |2 rubbk 
700 1 |a Дугин  |b С. П.  |g Станислав Петрович 
801 1 |a RU  |b 63413507  |c 20101028 
801 2 |a RU  |b 63413507  |c 20131204  |g RCR 
942 |c BK 
959 |a 74/20101028  |d 1  |e 224,00  |f ЧЗИЛ:1